000 00510nam a2200181 a 4500
005 20140310183529.0
008 110822s19uu xx 00 eng d
020 _a9781422139820
050 _aHD 57.7
_b.Ov93 2009
245 _aOvercoming obstacles. /
260 _aBoston, Massachusetts :
_bHarvard Business Press,
_c2009.
300 _a 97 p. :
_c18 cm.
521 _aBSBA
650 _aLeadership
_xCase studies
650 _aSuccess
_xPsychological aspects
942 _cBK
_2lcc
_kFOR
999 _c24573
_d24573